Normal view
MARC view
- تأليف الموصلي، موفق الدين أبي البقاء يعيش بن علي بن يعيش ؛ تحقيق إميل بديع يعقوب
Entry Personal Name
001 - CONTROL NUMBER
- control field: 11516
003 - CONTROL NUMBER IDENTIFIER
- control field: JO-AjAnu
005 - DATE AND TIME OF LATEST TRANSACTION
- control field: 20230606072140.0
008 - FIXED-LENGTH DATA ELEMENTS
- fixed length control field: 230606|| aca||aabn | a|a d
040 ## - CATALOGING SOURCE
- Original cataloging agency: JO-AjAnu
- Transcribing agency: JO-AjAnu
100 ## - HEADING--PERSONAL NAME
- Personal name: تأليف الموصلي، موفق الدين أبي البقاء يعيش بن علي بن يعيش ؛ تحقيق إميل بديع يعقوب
670 ## - SOURCE DATA FOUND
- Source citation: Work cat.: (JO-AjAnu)5933: تأليف الموصلي، موفق الدين أبي البقاء يعيش بن علي بن يعيش ؛ تحقيق إميل بديع يعقوب, author, شرح المفصل للزمخشري